Marvel Rivals - Tous les Héros [avec image] - Statistiques

Statistiques générales
  • Ce quiz a été pris 174 fois
    13 depuis la dernière actualisation
  • Le résultat moyen est 37 sur 50
Statistiques - réponses
Par images Réponse % Correct
Thor
100%
Venom
100%
Blade
92%
Capitaine America
92%
Docteur Strange
92%
la Chose
92%
Spider-Man
92%
Devil Dinosaur
85%
Hulk
85%
Iron Man
85%
la Chatte noire
85%
la Panthère Noire
85%
la Sorcière Rouge
85%
la Torche Humaine
85%
le Punisher
85%
Loki
85%
Magneto
85%
Tornade
85%
Ultron
85%
Deadpool
77%
Gambit
77%
Groot
77%
Hela
77%
la Femme Invisible
77%
Mr.Fantastique
77%
Namor
77%
Œil de Faucon
77%
Phénix
77%
Adam Warlock
69%
Daredevil
69%
Emma Frost
69%
Iron Fist
69%
Jeff le Requin
69%
La Veuve Noire
69%
le Soldat de l'Hiver
69%
Mantis
69%
Moon Knight
69%
Rocket Racoon
69%
Squirrel Girl
69%
la Cape et l'Épée
62%
Rogue
62%
Star-Lord
62%
Wolverine
62%
Elsa Bloodstone
54%
la Renarde Blanche
54%
Psylocke
54%
Angela
46%
Luna Snow
46%
Magik
46%
Peni Parker
46%
Aucun quiz correspondant
Distribution des résultats
% des personnes avec chaque résultat
Percentile par nombre de réponses
Votre historique - résultats
Vous n’avez pas pris ce quiz depuis la dernière actualisation